1542 1886 1913 1266 1167 1627 1870 1122 1871 1308 1429 1814 1684 1176 1926 1951 1492 1441 1207 1306 1293 1794 1114 1193 1171 1831 1525 1083 1496 1330 1584 1889 1116 1481 1037 1697 1721 1495 1406 1821 1189 1177 1296 1923 1520 1213 1533 1179 1431 1972 1448 1800 1158 1003 1983 1141 1476 1886 1579 1564 1061 1202 1879 1242 1042 1779 1883 1658 1873 1606 1487 1025 1066 1736 1720 1744 1076 1374 1327 1264 1831 1859 1621 1755 1179 1348 1108 1629 1285 1821 1664 1785 1510 1695 1776 1206 1002 1319 1582 BCNSPRNW ULIB Ver.6.0+V

เปลี่ยนเป็นภาษาไทย

Change to English
 แสดงรายละเอียดบรรณานุกรม
  กลับหน้าหลัก

Brief Record : Get Marc (ISO 2709) : E-mail record : QR code < ปิดหน้าต่าง
LEADER : 00000nam 2200000uu 4500
001    13399108215
003     ULIB
008    110221s2543||||th 000 0 tha d
020    9746573349
060 04 WY157.6^bม293ก 2543
100 0  มรรยาท ณ นคร
245 10 การพยาบาลผู้ป่วยกระดูกหักที่ได้รับการยึดตรึงด้วยวัสดุภายในร่างกาย /^cมรรยาท ณ นคร
250    พิมพ์ครั้งที่ 1
260    เชียงใหม่ :^bโครงการตำรา คณะพยาบาลศาสตร์มหาวิทยาลัยเชียงใหม่,^c2543
300    ก-ณ, 165 หน้า :^bภาพประกอบ ;^c27 ซม.
650  7 การตรึงกระดูกหัก
650  7 กระดูกหัก^xการพยาบาล
650  7 กระดูกหักแบบเปิด
650  7 การพยาบาลออร์โธปิดิคส์
710 2  มหาวิทยาลัยเชียงใหม่. ^bคณะพยาบาลศาสตร์
945    ^p130^l0^i013206
945    ^p130^l0^i013115
945    ^p130^l0^i013113
945    ^p130^l0^i013114
945    ^p130^l0^i023250
995    เกษร
999    ^aใช้งานได้ทุกระบบ
รายการนี้ยังไม่มีแท็ก
คุณยังไม่ได้ล็อกอิน คุณสามารถมีกิจกรรมร่วมกับเว็บไซต์ได้ แต่ต้องล็อกอินก่อน ::
  ล็อกอิน

รายการสื่อสารสนเทศ

ลำดับที่ ประเภท เลขเรียก/บาร์โค้ด สถานที่ สถานะ
- ไม่พบข้อมูล -

รายการใกล้เคียง
    ผู้แต่ง [มรรยาท ณ นคร]

    หัวเรื่อง [การตรึงกระดูกหัก]
    หัวเรื่อง [กระดูกหักแบบเปิด]
    หัวเรื่อง [การพยาบาลออร์โธปิดิคส์]

BibComment


ยังไม่เคยถูกคอมเมนท์

คอมเมนท์ทรัพยากรรายการนี้
  คอมเมนท์: การพยาบาลผู้ป่วยก..


 Copyright 2026. Bcnsprnw @Library